000 00301nam a2200109Ia 4500
008 180205s9999 xx 000 0 und d
020 _a9716856972
100 _aMarquez, Servillano T.
245 _aDevelopmental reading 2
260 _aQuezon City
_bNational book store
_c2009
300 _aii, 176 pages
999 _c354888
_d354888